00878njm a22002057a 450000500170000000800410001704100080005824500320006626000150009826000220011326000090013530000130014430000150015750503370017265000340050965000290054394200070057299900150057995200780059420220720141746.0170215b xxu||||| |||| 00| 0 spa d aspa aSouvenir musical: volumen 1 aCosta Rica bMar Music Records c2007 a1 CD-ROM a72 minutos a1. Ticas lindas. 2. Caña dulce. 3. En la distancia - donde tu estas. 4. Amor de temporada. 5. Patriótica costarricense. 6. Solo quiero mirarte - haz volver. 7. Mi linda Costa Rica. 8. Eso es imposible - saben de donde vengo yo? 9. Punto Guanacasteco. 10. La guaria morada. 11. Costa Rica. 12. Rec. mi puerto - noche inolvidable. aMÚSICA COSTARRICENSE964083 aMÚSICA TÍPICA940396 cMU c8837d8837 00104070aBACBbBACBd2017-02-15l0o4 DCp4DCr2017-02-15 00:00:00yMU